00362nam a22001217a 450000500170000002000230001703500120004003700130005210000180006524500890008326000450017230000230021720120424125315.0 a0195658647c495.00 aB-82237 aDPLbENG aNandy, Ashish aThe romance of the state :bAnd the fate of dissent in the tropics /cby Ashis Nandy aNew DelhibOxford University Pressc2003 aix, 218p.c22 cms.